00576 2200217 4500001002100000005001700021008004100038035002400079082001100103090002100114100001800135245004700153260003500200300002400235650003900259850000900298985000600307999001500313999001500328999001500343YOGYA-0209000007402920090227093752.0 ind  0010-020900000074029 a492.31 a492.31bWoj KlR aWOJOWASITO, S aKamus umum Belanda IndonesiacS.Wojowasito aJakartabLestari Perkasac2006 aviii,848 hlmc20 cm aBahasa Belanda - Kamus - Indonesia aBPAD a3 a08B0044932 a08B0044933 a08B0044934